'O' Vocabulary (Medium) Quiz Stats

Quiz Updated Jan 20, 2017

Challenge
Share
Tweet
Embed
Score 0/25 Timer 06:00
3 Plays Today
% Correct
obituary
93.5%
orca
91.7%
orchard
90.6%
opiate
90.2%
objection
90.2%
orchid
90%
opaque
89.9%
omega
89.8%
ore
89.7%
omission
89.7%
oxymoron
89.3%
obliteration
89.1%
ominous
88.6%
% Correct
oblivion
87.3%
oration
87.1%
occult
86.3%
opulent
86.2%
obelisk
85.8%
okra
85.3%
olfactory
84.4%
oblique
80.9%
overt
78.7%
offal
78.6%
onus
76.5%
omicron
64.4%

You're not logged in!

Compare scores with friends on all Sporcle quizzes.
Join for Free
OR
Log In

You Might Also Like...

Show Comments

Extras

Top Quizzes Today


Score Distribution

Your Account Isn't Verified!

In order to create a playlist on Sporcle, you need to verify the email address you used during registration. Go to your Sporcle Settings to finish the process.

Report this User

Report this user for behavior that violates our Community Guidelines.

Details: